| 000 | 00395nam a2200145 a 4500 | ||
|---|---|---|---|
| 005 | 20140513081058.0 | ||
| 008 | 080110s19uu xx 00 eng d | ||
| 050 |
_aVCD _bRh468 2004 |
||
| 245 | _aRhyme Time Rhythm. | ||
| 260 |
_bLyons partnership, _c2004. |
||
| 440 | _aBarney | ||
| 500 | _aApproxiamately 56 minutes | ||
| 520 | _aa collection of classic nursery rhymes & son | ||
| 999 |
_c116625 _d116625 |
||